[Event "COL pre olympic sf"]
[Site "Bogota"]
[Date "2016.05.27"]
[Round "5"]
[White "Lopez Parra, Carlos Alberto"]
[Black "Lopez, Alberto"]
[Result "1/2-1/2"]
[WhiteElo "1639"]
[BlackElo "1619"]
[PlyCount "71"]
[EventDate "2016.05.25"]
[EventType "swiss"]
[EventRounds "9"]
[EventCountry "COL"]
[SourceTitle "CBM 172 Extra"]
[Source "ChessBase"]
[SourceDate "2016.06.21"]
[SourceVersion "1"]
[SourceVersionDate "2016.06.21"]
[SourceQuality "1"]

1. e4 e5 2. Nf3 Nc6 3. Bb5 a6 4. Ba4 Nf6 5. 0-0 b5 6. Bb3 d6 7. d3 Be7 8. c3 0-0 9. h3 Bb7 10. Nbd2 Na5 11. Bc2 Rc8 12. Re1 c5 13. Nf1 h6 14. Ng3 Nc6 15. a4 b4 16. c4 a5 17. b3 Nh7 18. Be3 Ng5 19. Nxg5 Bxg5 20. Ra2 Bxe3 21. Rxe3 Ne7 22. Bb1 Ng6 23. Ne2 Qg5 24. Kh2 Nh4 25. Rg3 Qf6 26. Ng1 Rce8 27. Nf3 Ng6 28. Qd2 Qf4 29. Ng1 Qxd2 30. Rxd2 Nf4 31. Ne2 Ng6 32. Bc2 Re6 33. Bd1 Ne7 34. f3 Rg6 35. Rxg6 Nxg6 36. Bc2 1/2-1/2

[Event "COL pre olympic sf"]
[Site "Bogota"]
[Date "2016.05.26"]
[Round "2"]
[White "Lopez, Alberto"]
[Black "Salcedo Perez, Pablo Esteban"]
[Result "0-1"]
[WhiteElo "1619"]
[BlackElo "2001"]
[PlyCount "50"]
[EventDate "2016.05.25"]
[EventType "swiss"]
[EventRounds "9"]
[EventCountry "COL"]
[SourceTitle "CBM 172 Extra"]
[Source "ChessBase"]
[SourceDate "2016.06.21"]
[SourceVersion "1"]
[SourceVersionDate "2016.06.21"]
[SourceQuality "1"]

1. e4 c5 2. Nf3 d6 3. d4 Nf6 4. Nc3 cxd4 5. Nxd4 a6 6. Be2 e6 7. Bg5 Nbd7 8. f4 Qc7 9. Bf3 Rb8 10. Qd2 Be7 11. 0-0 0-0 12. Rad1 Rd8 13. Nb3 b6 14. Qe1 h6 15. Bh4 b5 16. a3 Bb7 17. Nd4 Nb6 18. e5 Nfd5 19. exd6 Qxd6 20. Bxe7 Qxe7 21. f5 e5 22. Nxd5 Nxd5 23. Bxd5 Rxd5 24. f6 Qc5 25. Qg3 g6 0-1

[Event "COL pre olympic sf"]
[Site "Bogota"]
[Date "2016.05.25"]
[Round "1"]
[White "Martinez, Jorge Alexander"]
[Black "Lopez, Alberto"]
[Result "1-0"]
[WhiteElo "2204"]
[BlackElo "1619"]
[PlyCount "93"]
[EventDate "2016.05.25"]
[EventType "swiss"]
[EventRounds "9"]
[EventCountry "COL"]
[SourceTitle "CBM 172 Extra"]
[Source "ChessBase"]
[SourceDate "2016.06.21"]
[SourceVersion "1"]
[SourceVersionDate "2016.06.21"]
[SourceQuality "1"]

1. e4 c5 2. Nf3 d6 3. d4 cxd4 4. Nxd4 Nf6 5. f3 a6 6. c4 e6 7. Nc3 Bd7 8. Be3 Be7 9. Be2 Nc6 10. Nc2 Rc8 11. Qd2 0-0 12. 0-0 Ne5 13. b3 Qc7 14. Bd4 Nc6 15. Bf2 Na5 16. Rfc1 Rfd8 17. Ne3 Nc6 18. a3 Ne5 19. b4 a5 20. b5 b6 21. g4 Ng6 22. Ng2 Qb7 23. g5 Ne8 24. Na4 Rc5 25. h4 Ne5 26. Nxc5 dxc5 27. Qe3 Nd6 28. Bg3 f6 29. f4 Nef7 30. Bf3 e5 31. gxf6 Bxf6 32. f5 Be8 33. Qe2 Qe7 34. Rd1 Nh6 35. Rac1 Bf7 36. Rc2 Nb7 37. Rxd8+ Nxd8 38. Kh2 g6 39. fxg6 Bxg6 40. Rd2 Qf7 41. h5 Ne6 42. hxg6 Qxg6 43. Rd6 Nd4 44. Qd3 Nxf3+ 45. Qxf3 Ng4+ 46. Kh3 Qh5+ 47. Bh4 1-0

[Event "PER-ch Grand Prix final"]
[Site "Lima"]
[Date "2016.01.23"]
[Round "9"]
[White "Vera Siguenas, Deivy Anthoni"]
[Black "Lopez, Alberto"]
[Result "1-0"]
[WhiteElo "2498"]
[BlackElo "2184"]
[PlyCount "127"]
[EventDate "2016.01.18"]
[EventType "tourn"]
[EventRounds "11"]
[EventCountry "PER"]
[EventCategory "6"]
[SourceTitle "CBM 170 Extra"]
[Source "ChessBase"]
[SourceDate "2016.02.25"]
[SourceVersion "1"]
[SourceVersionDate "2016.02.25"]
[SourceQuality "1"]

1. e4 c5 2. Nc3 a6 3. Nge2 d6 4. g3 b5 5. Bg2 Bb7 6. 0-0 e6 7. Qe1 Nf6 8. d3 Nc6 9. f4 Be7 10. h3 Rc8 11. Be3 d5 12. exd5 Nb4 13. d6 Bxg2 14. dxe7 Qxe7 15. Kxg2 Nxc2 16. Qf2 Nd5 17. Nxd5 exd5 18. Bd2 Nxa1 19. Rxa1 0-0 20. a3 d4 21. Re1 Qf6 22. b4 c4 23. Qxd4 Qc6+ 24. Qe4 cxd3 25. Qxc6 Rxc6 26. Nc3 Rd8 27. f5 h6 28. Kf2 Kf8 29. g4 Rdc8 30. Rc1 Re8 31. Kf3 Rc4 32. Re1 Rec8 33. Rc1 Re8 34. Rd1 f6 35. Nd5 Rd8 36. Nc3 Re8 37. Nd5 Rd8 38. Nf4 Kf7 39. Ne6 Rd5 40. Nc5 a5 41. Ne4 Rdd4 42. Re1 a4 43. Bf4 Kg8 44. Bd2 Rc2 45. Rd1 Ra2 46. Nc3 Rb2 47. Nxb5 Rc4 48. Ke3 h5 49. Kxd3 Rc8 50. gxh5 Rd8+ 51. Nd4 Rb3+ 52. Bc3 Rxa3 53. b5 Rb3 54. Kc4 Rc8+ 55. Nc6 Kh7 56. Ra1 Ra8 57. h4 Kh6 58. Bd4 Kxh5 59. Rxa4 Rxa4+ 60. Kxb3 Ra8 61. b6 Kxh4 62. b7 Re8 63. Bb6 Kg4 64. Nd8 1-0

[Event "PER-ch Grand Prix final"]
[Site "Lima"]
[Date "2016.01.22"]
[Round "7"]
[White "Cruz, Cristhian"]
[Black "Lopez, Alberto"]
[Result "1/2-1/2"]
[WhiteElo "2553"]
[BlackElo "2184"]
[PlyCount "59"]
[EventDate "2016.01.18"]
[EventType "tourn"]
[EventRounds "11"]
[EventCountry "PER"]
[EventCategory "6"]
[SourceTitle "CBM 170 Extra"]
[Source "ChessBase"]
[SourceDate "2016.02.25"]
[SourceVersion "1"]
[SourceVersionDate "2016.02.25"]
[SourceQuality "1"]

1. Nf3 Nf6 2. c4 c5 3. Nc3 Nc6 4. e3 e6 5. d4 d5 6. a3 dxc4 7. Bxc4 a6 8. 0-0 b5 9. Ba2 Bb7 10. Qe2 Qb6 11. Rd1 Rd8 12. d5 exd5 13. Nxd5 Nxd5 14. Bxd5 Be7 15. e4 0-0 16. Bf4 Bc8 17. Be3 Bg4 18. h3 Bxf3 19. Qxf3 Ne5 20. Qe2 Qb8 21. f4 Nd7 22. e5 Nb6 23. Be4 c4 24. Kh1 Na4 25. Qc2 h6 26. Bd5 Bc5 27. Bc1 Nb6 28. Be4 Rxd1+ 29. Qxd1 Qd8 30. Qc2 1/2-1/2

[Event "PER-ch Grand Prix final"]
[Site "Lima"]
[Date "2016.01.21"]
[Round "6"]
[White "Lopez, Alberto"]
[Black "Leiva Rodriguez, Jeammarco Giuseppe"]
[Result "1/2-1/2"]
[WhiteElo "2184"]
[BlackElo "2384"]
[PlyCount "60"]
[EventDate "2016.01.18"]
[EventType "tourn"]
[EventRounds "11"]
[EventCountry "PER"]
[EventCategory "6"]
[SourceTitle "CBM 170 Extra"]
[Source "ChessBase"]
[SourceDate "2016.02.25"]
[SourceVersion "1"]
[SourceVersionDate "2016.02.25"]
[SourceQuality "1"]

1. e4 c6 2. d4 d5 3. e5 Bf5 4. Nf3 e6 5. Be2 Ne7 6. 0-0 h6 7. Nbd2 Nd7 8. Nb3 g5 9. Ne1 Qc7 10. Nd3 Ng6 11. Ne1 Ne7 12. Nd3 b6 13. Be3 Ng6 14. Ne1 Ne7 15. Nd3 Bg7 16. Rc1 Be4 17. f3 Bg6 18. Kh1 f6 19. f4 fxe5 20. fxe5 Nf5 21. Bg1 h5 22. c4 dxc4 23. Rxc4 h4 24. Rxf5 Bxf5 25. Bh5+ Ke7 26. Bf3 Rac8 27. Rxc6 Qxc6 28. Bxc6 Rxc6 29. d5 Rc4 30. dxe6 Bxe6 1/2-1/2

[Event "PER-ch Grand Prix final"]
[Site "Lima"]
[Date "2016.01.20"]
[Round "5"]
[White "Fernandez Sanchez, Fernando Miguel"]
[Black "Lopez, Alberto"]
[Result "1/2-1/2"]
[WhiteElo "2335"]
[BlackElo "2184"]
[PlyCount "56"]
[EventDate "2016.01.18"]
[EventType "tourn"]
[EventRounds "11"]
[EventCountry "PER"]
[EventCategory "6"]
[SourceTitle "CBM 170 Extra"]
[Source "ChessBase"]
[SourceDate "2016.02.25"]
[SourceVersion "1"]
[SourceVersionDate "2016.02.25"]
[SourceQuality "1"]

1. d4 Nf6 2. Nc3 d5 3. Bf4 Bf5 4. f3 e6 5. g4 Bg6 6. h4 h5 7. g5 Ng8 8. e3 Bd6 9. Nge2 Ne7 10. Qd2 a6 11. 0-0-0 Nbc6 12. Kb1 Qd7 13. Bxd6 Qxd6 14. Nf4 0-0-0 15. Nxg6 Nxg6 16. f4 Nge7 17. a3 Nb8 18. Bd3 g6 19. Ne2 c5 20. dxc5 Qxc5 21. Nd4 Nbc6 22. Nb3 Qb6 23. Qc3 Qxe3 24. Nc5 Kc7 25. b4 d4 26. Qc4 Nd5 27. Rde1 Qg3 28. Reg1 Qe3 1/2-1/2

[Event "PER-ch Grand Prix final"]
[Site "Lima"]
[Date "2016.01.20"]
[Round "4"]
[White "Lopez, Alberto"]
[Black "Cori Quispe, Kevin Joel"]
[Result "1-0"]
[WhiteElo "2184"]
[BlackElo "2348"]
[PlyCount "73"]
[EventDate "2016.01.18"]
[EventType "tourn"]
[EventRounds "11"]
[EventCountry "PER"]
[EventCategory "6"]
[SourceTitle "CBM 170 Extra"]
[Source "ChessBase"]
[SourceDate "2016.02.25"]
[SourceVersion "1"]
[SourceVersionDate "2016.02.25"]
[SourceQuality "1"]

1. e4 c5 2. c3 Nf6 3. e5 Nd5 4. d4 cxd4 5. Nf3 e6 6. cxd4 d6 7. Bc4 Be7 8. 0-0 0-0 9. Re1 b6 10. Bxd5 exd5 11. Nc3 dxe5 12. Nxe5 Bf6 13. Bf4 Be6 14. Rc1 Bxe5 15. Bxe5 Qd7 16. Qd3 Nc6 17. Nb5 Bf5 18. Qb3 Na5 19. Qg3 Bg6 20. Nd6 Nc4 21. Nxc4 dxc4 22. Rxc4 Rfe8 23. Rec1 f6 24. Bf4 Re2 25. h4 Rae8 26. Be3 Rxb2 27. Rc7 Qf5 28. Rxa7 Rc2 29. Rxc2 Qxc2 30. Kh2 Bf7 31. d5 Rd8 32. Bxb6 Rf8 33. d6 Qc6 34. Be3 g6 35. Bd4 Be6 36. Qf4 Bd7 37. a4 1-0

[Event "PER-ch Grand Prix final"]
[Site "Lima"]
[Date "2016.01.19"]
[Round "3"]
[White "Lopez, Alberto"]
[Black "Cori, Jorge Moise"]
[Result "1/2-1/2"]
[WhiteElo "2184"]
[BlackElo "2596"]
[PlyCount "31"]
[EventDate "2016.01.18"]
[EventType "tourn"]
[EventRounds "11"]
[EventCountry "PER"]
[EventCategory "6"]
[SourceTitle "CBM 170 Extra"]
[Source "ChessBase"]
[SourceDate "2016.02.25"]
[SourceVersion "1"]
[SourceVersionDate "2016.02.25"]
[SourceQuality "1"]

1. e4 c5 2. c3 Nc6 3. d4 d5 4. exd5 Qxd5 5. Nf3 Bg4 6. Be2 e6 7. h3 Bh5 8. c4 Qd7 9. g4 Bg6 10. d5 Nb4 11. Ne5 Bc2 12. Nxd7 Bxd1 13. Kxd1 Kxd7 14. a3 Na6 15. dxe6+ fxe6 16. Kc2 1/2-1/2